000 00576cam a22002291 4500
001 sa 68009799
003 DLC
005 20260227112546.0
008 890809s1966 ii 000 0 beno
010 _asa 68009799
035 _a(OCoLC)20149818
040 _aDLC
_cWaU
_dDLC
042 _apremarc
050 0 0 _aPK1726
_b.B3
100 1 _aBanerjee, Hiranmay,
_d1905-
245 1 0 _aDui manīshī.
260 _c[1966]
300 _a189 p.
_c22 cm.
500 _aIn Bengali.
600 1 0 _aTagore, Rabindranath,
_d1861-1941.
600 0 0 _aVivekananda,
_cSwami,
_d1863-1902.
999 _c83147
_d83147